000 00336nam a2200145Ia 4500
005 20251222152606.0
008 251222s9999||||xx |||||||||||||| ||spa||
020 _a8436252632
082 _a800/G72
100 _aGonzález de Viñapre, Pedro
245 0 _aBuscando a un Hombre
250 _a1ra. ed.
264 _bUNED
942 _cLIB
999 _c26776
_d26776